000 00290nam a22001097a 4500
008 230627b xxu||||| |||| 00| 0 eng d
082 _216
_a338.109
_bSPE 1983
245 _aFream's Agriculture
260 _bRoyal Agricultural Society of England
_c1983
300 _aXXXI,775p
942 _2ddc
_cBK
999 _c2865
_d2865